The effects of peer group network properties on drug use among homeless youth (Record no. 64703)

000 -LEADER
fixed length control field 01453pab a2200169 454500
008 - FIXED-LENGTH DATA ELEMENTS--GENERAL INFORMATION
fixed length control field 180718b2005 xxu||||| |||| 00| 0 eng d
100 ## - MAIN ENTRY--PERSONAL NAME
Personal name Rice, Eric et al.
245 ## - TITLE STATEMENT
Title The effects of peer group network properties on drug use among homeless youth
260 ## - PUBLICATION, DISTRIBUTION, ETC.
Date of publication, distribution, etc. 2005
300 ## - PHYSICAL DESCRIPTION
Extent p.1102-123.
362 ## - DATES OF PUBLICATION AND/OR SEQUENTIAL DESIGNATION
Dates of publication and/or sequential designation Apr
520 ## - SUMMARY, ETC.
Summary, etc. The authors examine how the properties of peer networks affect amphetamine, cocaine, and injection drug use over 3 months among newly homeless addolescents, aged 12 to 20 in Los Angeles (n= 217.83% retention of 3 months) and Melbourne (n = 119; 72% retention at 3 months). Several hypotheses regarding the effects of social network properties on the peer influence process are developed. Multivariate logistic regression analyses show that higher concentrations of homeless peers in networks at recruitment were associated with increased likelihood of amphetamine and cocaine use at 3-months follow-up. Higher concentrations of injecting peers were associated with increased risk of injection drug use 3 months later. Change in network structure over time toward increased concentrations of homeless peers was associated with increased risk of cocaine use and injecting. Higher density networks at baseline were positively associated with increased likelihood of cocaine and amphetamine use at 3 months. - Reproduced.
650 ## - SUBJECT ADDED ENTRY--TOPICAL TERM
Topical term or geographic name entry element Youth
650 ## - SUBJECT ADDED ENTRY--TOPICAL TERM
Topical term or geographic name entry element Homeless
773 ## - HOST ITEM ENTRY
Main entry heading American Behavioral Scientist
909 ## -
-- 64703
Holdings
Withdrawn status Lost status Damaged status Not for loan Permanent Location Current Location Date acquired Serial Enumeration / chronology Barcode Date last seen Price effective from Koha item type
        Indian Institute of Public Administration Indian Institute of Public Administration 2018-07-19 Volume no: 48, Issue no: 8 AR65155 2018-07-19 2018-07-19 Articles

Powered by Koha